|
|
|
|
| LEADER |
00000 a2200000 4500 |
| 001 |
RU/ROS-EDU.RU/142733 |
| 856 |
4 |
|
|u https://www.ros-edu.ru/book?id=142733
|z Перейти к просмотру издания
|
| 010 |
|
|
|a 978-5-4497-3579-9
|
| 100 |
|
|
|a 20240101d2024 |||y0rusy0250
|
| 105 |
|
|
|a y z 000zy
|
| 101 |
0 |
|
|a rus
|
| 102 |
|
|
|a RU
|
| 200 |
1 |
|
|a Мир изучаемого языка
|b Электронный ресурс
|e Учебное пособие по страноведению России для иностранных студентов, говорящих на китайском языке
|f Л. В. Воронова, Пин Ли
|
| 700 |
|
1 |
|b Л. В.
|a Воронова
|4 070
|
| 701 |
|
1 |
|b Пин
|a Ли
|4 070
|
| 330 |
|
|
|a Данное учебное пособие представляет собой краткий курс по страноведению России и предназначается для иностранных студентов, обучающихся в российских вузах по укрупненной группе направлений подготовки и специальностей «Языкознание и литературоведение», и для слушателей курсов русского языка (продвинутый этап обучения). Подготовлено в соответствии с требованиями Федерального государственного образовательного стандарта высшего образования, предъявляемыми к изучению дисциплин вариативной части «Страноведение России», «Лингвострановедение», и требованиями, предъявляемыми к владению русским языком как иностранным на уровне В2. Цель учебного пособия — познакомить учащихся с разнообразием неповторимого мира России и помочь им адаптироваться к российской действительности. Для китайских граждан, изучающих русский язык и интересующихся Россией.
|
| 210 |
|
|
|a Москва
|c Ай Пи Ар Медиа
|d 2024
|
| 610 |
1 |
|
|a изучаемый язык
|
| 610 |
1 |
|
|a РКИ
|
| 610 |
1 |
|
|a русский как иностранный
|
| 610 |
1 |
|
|a страноведение России
|
| 610 |
1 |
|
|a лингвострановедение
|
| 610 |
1 |
|
|a китайский язык
|
| 675 |
|
|
|a 811.161
|
| 686 |
|
|
|a 81.411
|2 rubbk
|
| 300 |
|
|
|a Книга находится в премиум-версии платформы «Русский как иностранный».
|
| 215 |
|
|
|a 97 с.
|